<?xml version="1.0" encoding="UTF-8"?>
<marc:record xmlns:marc="http://www.loc.gov/MARC21/slim">
   <marc:leader>00000nam a2200000 a 4500</marc:leader>
   <marc:datafield ind1="1" ind2=" " tag="100">
      <marc:subfield code="a">Glattauer, Niki</marc:subfield>
      <marc:subfield code="4">aut</marc:subfield>
      <marc:subfield code="e">Verfasser/-in</marc:subfield>
   </marc:datafield>
   <marc:datafield ind1=" " ind2=" " tag="653">
      <marc:subfield code="a">Satire</marc:subfield>
   </marc:datafield>
   <marc:datafield ind1=" " ind2=" " tag="653">
      <marc:subfield code="a">Humor</marc:subfield>
   </marc:datafield>
   <marc:datafield ind1="0" ind2="0" tag="245">
      <marc:subfield code="a">Best of Schule</marc:subfield>
   </marc:datafield>
   <marc:datafield ind1="0" ind2="0" tag="245">
      <marc:subfield code="b">Zum Weinen lustig, zum Lachen traurig</marc:subfield>
   </marc:datafield>
   <marc:datafield ind1=" " ind2="1" tag="264">
      <marc:subfield code="b">Kremayr &amp; Scheriau</marc:subfield>
      <marc:subfield code="c">2016</marc:subfield>
   </marc:datafield>
   <marc:datafield ind1="1" ind2=" " tag="520">
      <marc:subfield code="a">NMS, AHS, Elite-, Gesamt-, Baum- oder gar keine Schule? Alle reden über das, was draufstehen soll, Niki Glattauer sagt, was drin ist. Der Bestsellerautor schildert auf humorvolle Weise das nicht immer lustige Leben hinter geschlossenen Klassentüren. Er bricht eine Lanze für die Lehrerinnen (Männer mitgemeint) und legt den Kreidefinger in die Wunden des Systems.</marc:subfield>
   </marc:datafield>
   <marc:datafield ind1=" " ind2=" " tag="020">
      <marc:subfield code="a">9783218010412</marc:subfield>
      <marc:subfield code="9">9783218010412</marc:subfield>
   </marc:datafield>
</marc:record>
